000 00427nam a22001697a 4500
999 _c163238
_d163238
005 20190405122944.0
010 _aEN-58154
020 _a8181571525
_c400.00
035 _aEN-58154
037 _bWriters Workshop
082 _aN
100 _aDasgupta, Subrata
245 _aThree times a minority /
_cSubrata Desgupta
260 _aNew Delhi
_bWriters Workshop
300 _a335p.
_c22cm(hbk)
942 _2ddc
_cEN
_hN
_mDAS